Entry Nombre personal
001 - NÚMERO DE CONTROL
- campo de control: 126585
003 - IDENTIFICADOR DE NÚMERO DE CONTROL
- campo de control: OSt
005 - FECHA Y HORA DE LA ÚLTIMA TRANSACCIÓN
- campo de control: 20230222192852.0
008 - ELEMENTOS DE DATO DE LONGITUD-FIJA
- campo de control de longitud fija: 080222 b azznnaaan n bnc d
040 ## - FUENTE DE CATALOGACIÓN
- Centro catalogador/agencia de origen: OSt
- Centro/agencia transcriptor: OSt
100 1# - ENCABEZAMIENTO-NOMBRE DE PERSONA
- Nombre de persona: Cornide, José (
- Fechas asociadas al nombre: 1734-1803)
400 1# - TRAZADO DE VÉASE--NOMBRE DE PERSONA
- Nombre de persona: Andrés Cornide y Saavedra, José (
- Fechas asociadas al nombre: 1734-1803)
400 1# - TRAZADO DE VÉASE--NOMBRE DE PERSONA
- Nombre de persona: Cornide Saavedra, José (
- Fechas asociadas al nombre: 1734-1803)
400 1# - TRAZADO DE VÉASE--NOMBRE DE PERSONA
- Nombre de persona: Cornide, Joseph (
- Fechas asociadas al nombre: 1734-1803)
400 1# - TRAZADO DE VÉASE--NOMBRE DE PERSONA
- Nombre de persona: Cornide y Saavedra, José (
- Fechas asociadas al nombre: 1734-1803)
